Still involved in cancer research at 90, ’37 Nobel winner’s star shines brightly
Elmentve itt :
| Dokumentumtípus: | Cikk |
|---|---|
| Megjelent: |
New Hampshire Sunday News
1983-10-06
|
| Sorozat: | The Union Leader [Manchester, N. H.]
|
| Online Access: | http://misc.bibl.u-szeged.hu/72554 |
| LEADER | 00590nab a2200145 i 4500 | ||
|---|---|---|---|
| 001 | misc72554 | ||
| 005 | 20231103154147.0 | ||
| 008 | 231103s1983 hu o 000 eng d | ||
| 040 | |a SZTE Miscellanea Repozitórium |b hun | ||
| 041 | |a eng | ||
| 245 | 0 | 0 | |a Still involved in cancer research at 90, ’37 Nobel winner’s star shines brightly |h [elektronikus dokumentum] |
| 260 | |a New Hampshire Sunday News |c 1983-10-06 | ||
| 490 | 0 | |a The Union Leader [Manchester, N. H.] | |
| 561 | |a Szent-Györgyi Albertről szóló irodalom | ||
| 856 | 4 | 0 | |u http://misc.bibl.u-szeged.hu/72554/1/szgya_1983_039.pdf |z Dokumentum-elérés |